000 01007nam a2200265Ia 4500
003 OSt
005 20221005104757.0
006 a|||||r|||| 00| 0
007 ta
008 221004b |||||||| |||| 00| 0 hin d
020 _c450
024 _a109798
037 _b12957, 18/03/2011, Kitab Ghar
_cTextual
040 _aCRL
_cCRL
_bhin
041 _2hin
_ahin
082 _aO152,J55,1:g, P6
100 _aशर्मा, प्रेम प्रकाश
245 0 _aरामचन्द्रिका में सांस्कृतिक चेतना
246 _aRāmachandrikā mean sāanskṛutik chetanā
260 _aदिल्ली
_bव्रजेश्वरी प्रकाशन भारत
_c2006
300 _a527पृ0
_ccm.
650 _aहिन्दी साहित्य
942 _hO152,J55,1:g, P6
_cTEXL
_2cc
999 _c1013758
_d1013758